000 00867nam a22002417a 4500
005 2011051201161.0
008 110512t xxu||||| |||| 00| 0 eng d
010 _aENG-102453
020 _a9788174467119
_c395.00
035 _aEN-85986
037 _bDBAD/PUB
040 _adpl
_bEng
082 _a658.400954
100 _925528
245 _aValue based management for organizational excellence /
_cedited by Santosh Dhar...[et al]
260 _aNew Delhi
_bExcel Books
_c2009
270 _aA-45, Naraina, Phase-1
_bNew Delhi
_e110028
300 _axiv,272 p. :
_c23cm (pbk)
_bill
500 _aIncludes indexes
700 _928039
_aDhar, Santosh
942 _2ddc
_cEN
_h658.400954
_mVAL
999 _c52381
_d52381